[Event "IX Weekend A"]
[Site "Ceriano Laghetto ITA"]
[Date "2000.02.05"]
[Round "1"]
[White "Galli, Fabio"]
[Black "Gagliardi, Christian"]
[Result "1-0"]
[WhiteElo "2093"]
[BlackElo "1918"]
[PlyCount "53"]
[EventDate "2000.02.05"]

1. e4 c5 2. Nf3 d6 3. d4 cxd4 4. Nxd4 Nf6 5. Nc3 a6 6. Bc4 e6 7. Bb3 b5 8. O-O
Bb7 9. f3 Nbd7 10. Be3 Nc5 11. Qd2 Be7 12. Rae1 O-O 13. a3 Nxb3 14. Nxb3 Qc7
15. Qf2 Rac8 16. Bd4 e5 17. Bb6 Qb8 18. Rd1 Rxc3 19. bxc3 Rc8 20. Ba5 d5 21.
Bb4 Qc7 22. Bxe7 Qxe7 23. Qa7 Qc7 24. Na5 Ba8 25. Qxc7 Rxc7 26. exd5 Nxd5 27.
Rd3 1-0

[Event "IX Weekend A"]
[Site "Ceriano Laghetto ITA"]
[Date "2000.02.05"]
[Round "1"]
[White "Lapiccirella, Mattia"]
[Black "Bianchi, Alberto"]
[Result "1-0"]
[WhiteElo "2171"]
[BlackElo "1981"]
[PlyCount "39"]
[EventDate "2000.02.05"]

1. d4 Nf6 2. c4 e6 3. Nf3 Be7 4. Nc3 O-O 5. e4 b6 6. Bd3 Bb7 7. O-O d6 8. Qe2
Nc6 9. e5 Nd7 10. Rd1 Nb4 11. Bb1 g6 12. a3 Na6 13. Ne4 Qc8 14. Bg5 Bxg5 15.
Nfxg5 dxe5 16. dxe5 h6 17. Rxd7 hxg5 18. Nf6+ Kg7 19. Bxg6 Nc5 20. Qh5 1-0

[Event "IX Weekend A"]
[Site "Ceriano Laghetto ITA"]
[Date "2000.02.05"]
[Round "1"]
[White "Manzoni, Alessandro"]
[Black "Barlocco, Carlo"]
[Result "0-1"]
[WhiteElo "1902"]
[BlackElo "2170"]
[PlyCount "118"]
[EventDate "2000.02.05"]

1. e4 e5 2. Nc3 Nf6 3. d3 Bc5 4. Na4 Bb6 5. Nxb6 axb6 6. Bg5 d5 7. Bxf6 gxf6 8.
exd5 Qxd5 9. Qf3 Qd6 10. a3 Nc6 11. Ne2 b5 12. g3 b4 13. Bg2 bxa3 14. Rxa3 Rxa3
15. bxa3 h5 16. Qd5 Qxa3 17. O-O Bg4 18. f3 Be6 19. Qb5 Qb4 20. Rb1 Qxb5 21.
Rxb5 b6 22. f4 Na7 23. Rb1 Kd7 24. Re1 Nb5 25. Rb1 Nd6 26. Nc3 Nf5 27. Be4 Nd4
28. Kf2 exf4 29. gxf4 f5 30. Bg2 Rg8 31. Nb5 Ne2 32. Rb4 c5 33. Ra4 Ke7 34. Bf3
Nxf4 35. Rxf4 Kf6 36. Rh4 Rd8 37. Ke3 Rg8 38. Nc7 Rg1 39. Rxh5 Rc1 40. Kd2 Rf1
41. Be2 Rh1 42. Nxe6 fxe6 43. Rh6+ Ke5 44. Ke3 b5 45. Rh8 b4 46. h4 Rh3+ 47.
Kf2 Kf4 48. h5 Rh2+ 49. Kf1 Ke3 50. Re8 Rf2+ 51. Kg1 Kxe2 52. h6 Rf4 53. Rxe6+
Kd2 54. Rg6 Kxc2 55. Rg2+ Kxd3 56. Rh2 Rg4+ 57. Rg2 b3 58. h7 Rh4 59. Rh2 Rxh7
0-1

[Event "IX Weekend A"]
[Site "Ceriano Laghetto ITA"]
[Date "2000.02.05"]
[Round "1"]
[White "Pace, Roberto"]
[Black "Vismara, Daniele"]
[Result "1-0"]
[WhiteElo "2033"]
[BlackElo "2265"]
[PlyCount "31"]
[EventDate "2000.02.05"]

1. e4 c5 2. d4 cxd4 3. c3 dxc3 4. Nxc3 Nc6 5. Nf3 g6 6. Bc4 Bg7 7. O-O d6 8.
Re1 Nf6 9. e5 dxe5 10. Qxd8+ Nxd8 11. Nb5 O-O 12. Nxe5 a6 13. Nc7 Rb8 14. a4 e6
15. Be3 Ne8 16. Ba7 1-0

[Event "IX Weekend A"]
[Site "Ceriano Laghetto ITA"]
[Date "2000.02.05"]
[Round "1"]
[White "Qendro, Llambi"]
[Black "Lapiccirella, Daniele"]
[Result "1/2-1/2"]
[WhiteElo "2350"]
[BlackElo "2053"]
[PlyCount "59"]
[EventDate "2000.02.05"]

1. d4 d5 2. c4 c6 3. cxd5 cxd5 4. Nf3 Nf6 5. Nc3 Nc6 6. Bf4 a6 7. e3 Bg4 8. Be2
e6 9. O-O Bxf3 10. Bxf3 Bd6 11. Bxd6 Qxd6 12. Na4 Nd7 13. Rc1 O-O 14. Nc5 Nxc5
15. Rxc5 Rac8 16. Qb3 Rc7 17. Qb6 Rd7 18. Kh1 Nd8 19. Qxd6 Rxd6 20. Rfc1 f6 21.
Be2 Rf7 22. b4 b5 23. a4 bxa4 24. Ra1 Rb7 25. Rxa4 Rbb6 26. Rc8 Kf7 27. Rc7+
Kf8 28. g3 Nc6 29. Bxa6 Rxb4 30. Ra2 1/2-1/2

[Event "IX Weekend A"]
[Site "Ceriano Laghetto ITA"]
[Date "2000.02.06"]
[Round "2"]
[White "Barlocco, Carlo"]
[Black "Lapiccirella, Mattia"]
[Result "1-0"]
[WhiteElo "2170"]
[BlackElo "2171"]
[PlyCount "47"]
[EventDate "2000.02.05"]

1. d4 Nf6 2. c4 g6 3. Nc3 Bg7 4. e4 d6 5. Nf3 O-O 6. Be2 c5 7. d5 e6 8. O-O Na6
9. Bg5 h6 10. Bh4 Re8 11. Nd2 Nc7 12. Re1 exd5 13. cxd5 Rb8 14. a4 b6 15. f4
Qd7 16. Bf3 Nh7 17. Bg3 Bd4+ 18. Kh1 a6 19. e5 b5 20. axb5 Nxb5 21. Qc2 Bb7 22.
Nc4 dxe5 23. fxe5 Rbd8 24. Nxb5 1-0

[Event "IX Weekend A"]
[Site "Ceriano Laghetto ITA"]
[Date "2000.02.06"]
[Round "2"]
[White "Bianchi, Alberto"]
[Black "Manzoni, Alessandro"]
[Result "0-1"]
[WhiteElo "1981"]
[BlackElo "1902"]
[PlyCount "102"]
[EventDate "2000.02.05"]

1. Nf3 d5 2. g3 Nd7 3. Bg2 e5 4. d3 c6 5. O-O g6 6. c4 Ne7 7. Nc3 Bg7 8. Bg5 f6
9. Bd2 Nb6 10. cxd5 Nbxd5 11. Nxd5 Nxd5 12. Qc2 O-O 13. e4 Nc7 14. Bc3 c5 15.
b4 cxb4 16. Bxb4 Rf7 17. Rfd1 Bg4 18. h3 Bxf3 19. Bxf3 Ne6 20. Bg2 Nd4 21. Qb2
Bf8 22. Bxf8 Kxf8 23. Rac1 Rc8 24. Rc4 b5 25. Rxd4 Qxd4 26. Qxb5 Rc2 27. Rf1
Rxa2 28. h4 Rb2 29. Qc6 Qb6 30. Qc8+ Kg7 31. Qg4 h5 32. Qd1 Rb7 33. Qf3 Qe6 34.
Qe3 Rb1 35. d4 exd4 36. Qxd4 Rxf1+ 37. Bxf1 Rd7 38. Qe3 a5 39. Kh2 Qd6 40. Bc4
Qd4 41. Qe2 Qd2 42. Qf3 Qe1 43. Bd5 Rc7 44. Qf4 Qc3 45. Qd6 Qc5 46. Qf4 Qe7 47.
Qd2 a4 48. f4 Qc5 49. Kh3 Qc1 50. Qg2 Rc2 51. Qf3 Qg1 0-1

[Event "IX Weekend A"]
[Site "Ceriano Laghetto ITA"]
[Date "2000.02.06"]
[Round "2"]
[White "Everet, Alexandro"]
[Black "Galli, Fabio"]
[Result "1-0"]
[WhiteElo "2357"]
[BlackElo "2093"]
[PlyCount "43"]
[EventDate "2000.02.05"]

1. d4 d6 2. Nf3 Nc6 3. e4 e5 4. d5 Nb8 5. Bd3 Nf6 6. h3 Be7 7. Nc3 Nbd7 8. Be3
c6 9. Bc4 Nb6 10. Bb3 cxd5 11. exd5 h6 12. g4 Bd7 13. Qd2 g5 14. O-O-O Qc7 15.
Nxe5 dxe5 16. d6 Nc4 17. Bxc4 Qxc4 18. dxe7 Qc7 19. Rhe1 Bc6 20. Bc5 Nd7 21.
Bd6 Qa5 22. Bxe5 1-0

[Event "IX Weekend A"]
[Site "Ceriano Laghetto ITA"]
[Date "2000.02.06"]
[Round "2"]
[White "Gagliardi, Christian"]
[Black "Tramalloni, Luca"]
[Result "1-0"]
[WhiteElo "1918"]
[BlackElo "2061"]
[PlyCount "79"]
[EventDate "2000.02.05"]

1. e4 c5 2. Nf3 e6 3. d4 cxd4 4. Nxd4 Nc6 5. Nb5 d6 6. c4 a6 7. N5c3 Nf6 8. Be2
Be7 9. O-O O-O 10. Be3 Rb8 11. Na3 Qc7 12. f4 b6 13. Rc1 Rd8 14. Nd5 exd5 15.
cxd5 Bb7 16. dxc6 Bxc6 17. Qc2 Rbc8 18. Bxa6 Nxe4 19. Bxc8 Rxc8 20. Nb5 Qd7 21.
Nd4 Bb7 22. Qd3 Nc5 23. Qf5 Qa4 24. Qc2 Qd7 25. b4 Ne4 26. Qd3 Ra8 27. Qb5 Qg4
28. Qf5 Qh4 29. Nf3 Qf6 30. Qxf6 Bxf6 31. Rc7 Bd5 32. Rfc1 g6 33. Rc8+ Rxc8 34.
Rxc8+ Kg7 35. a4 Bb3 36. a5 bxa5 37. bxa5 Nc5 38. Bxc5 dxc5 39. a6 Bd5 40. a7
1-0

[Event "IX Weekend A"]
[Site "Ceriano Laghetto ITA"]
[Date "2000.02.06"]
[Round "2"]
[White "Lapiccirella, Daniele"]
[Black "Pace, Roberto"]
[Result "1/2-1/2"]
[WhiteElo "2053"]
[BlackElo "2033"]
[PlyCount "51"]
[EventDate "2000.02.05"]

1. d4 Nf6 2. c4 g6 3. Nc3 d5 4. Nf3 Bg7 5. e3 O-O 6. Be2 Bg4 7. O-O dxc4 8.
Bxc4 c5 9. Be2 cxd4 10. Nxd4 Bxe2 11. Qxe2 e5 12. Nc2 Nc6 13. Rd1 Qe7 14. e4
Nh5 15. Nd5 Qh4 16. g3 Qh3 17. f3 Rae8 18. Be3 f5 19. Qg2 Qxg2+ 20. Kxg2 fxe4
21. fxe4 Nd4 22. Rd2 Rf7 23. Nxd4 exd4 24. Bxd4 Rxe4 25. Bxg7 Kxg7 26. Nc3
1/2-1/2

[Event "IX Weekend A"]
[Site "Ceriano Laghetto ITA"]
[Date "2000.02.06"]
[Round "2"]
[White "Vismara, Daniele"]
[Black "Qendro, Llambi"]
[Result "0-1"]
[WhiteElo "2265"]
[BlackElo "2350"]
[PlyCount "58"]
[EventDate "2000.02.05"]

1. e4 g6 2. d4 Bg7 3. Nc3 c6 4. Nf3 d6 5. Bc4 Nf6 6. Qe2 O-O 7. O-O Bg4 8. h3
Bxf3 9. Qxf3 Nbd7 10. Rd1 Qc7 11. Be3 b5 12. Bb3 b4 13. Ne2 c5 14. c3 c4 15.
Bc2 bxc3 16. bxc3 Rab8 17. Rdb1 Rxb1+ 18. Rxb1 Rb8 19. Rxb8+ Qxb8 20. Bc1 Qb5
21. Ng3 Nb6 22. Nf1 Na4 23. Bd2 e6 24. Qd1 Nb6 25. Qb1 Qa5 26. a4 d5 27. exd5
Nfxd5 28. Ne3 Bxd4 29. cxd4 Qxd2 0-1

[Event "IX Weekend A"]
[Site "Ceriano Laghetto ITA"]
[Date "2000.02.06"]
[Round "3"]
[White "Barlocco, Carlo"]
[Black "Everet, Alexandro"]
[Result "1-0"]
[WhiteElo "2170"]
[BlackElo "2357"]
[PlyCount "103"]
[EventDate "2000.02.05"]

1. e4 g6 2. d4 Bg7 3. Nc3 d6 4. f4 Nf6 5. Nf3 c6 6. Bd3 Bg4 7. Be3 O-O 8. h3
Bxf3 9. Qxf3 e5 10. O-O-O exd4 11. Bxd4 Nbd7 12. g4 Rc8 13. g5 Nh5 14. Bxg7
Nxg7 15. Be2 Nc5 16. Qe3 Qe7 17. Bg4 Rce8 18. Rhe1 f5 19. gxf6 Qxf6 20. Rf1 b6
21. b4 Na6 22. Bd7 Rd8 23. Bxc6 Nxb4 24. Ba4 Rc8 25. Bb3+ Kh8 26. Nd5 Nxd5 27.
Bxd5 Rc3 28. Rd3 Rxd3 29. Qxd3 Rc8 30. Rf3 Nh5 31. f5 g5 32. Be6 Rd8 33. Qc3
Kg7 34. Qc7+ Kh6 35. Rd3 Rf8 36. Rxd6 Qa1+ 37. Kd2 Nf6 38. Bc4 Qe5 39. Bd3 Kh5
40. Rc6 Qd4 41. Qe7 Kh4 42. Rc4 Qf2+ 43. Kc3 Qe1+ 44. Kb2 b5 45. Rc3 Nd5 46.
Qxh7+ Kg3 47. exd5 b4 48. Qc7+ Kg2 49. Rc4 Re8 50. Rg4+ Kh1 51. Qc4 Re3 52. Re4
1-0

[Event "IX Weekend A"]
[Site "Ceriano Laghetto ITA"]
[Date "2000.02.06"]
[Round "3"]
[White "Galli, Fabio"]
[Black "Lapiccirella, Daniele"]
[Result "1/2-1/2"]
[WhiteElo "2093"]
[BlackElo "2053"]
[PlyCount "34"]
[EventDate "2000.02.05"]

1. b3 d5 2. Bb2 c6 3. Nf3 Bf5 4. e3 Nd7 5. d4 e6 6. Nbd2 Ngf6 7. Be2 Bd6 8. Nh4
Bg6 9. Nxg6 hxg6 10. Bf3 e5 11. e4 dxe4 12. Nxe4 Nxe4 13. Bxe4 Qa5+ 14. Qd2
Qxd2+ 15. Kxd2 O-O-O 16. dxe5 Bxe5 17. Bxe5 Nxe5+ 1/2-1/2

[Event "IX Weekend A"]
[Site "Ceriano Laghetto ITA"]
[Date "2000.02.06"]
[Round "3"]
[White "Lapiccirella, Mattia"]
[Black "Gagliardi, Christian"]
[Result "1/2-1/2"]
[WhiteElo "2171"]
[BlackElo "1918"]
[PlyCount "136"]
[EventDate "2000.02.05"]

1. d4 Nf6 2. c4 g6 3. Nc3 Bg7 4. e4 d6 5. Be2 O-O 6. Nf3 e5 7. d5 Nbd7 8. O-O
Nc5 9. Qc2 a5 10. Bg5 h6 11. Be3 b6 12. Nd2 Ng4 13. Bxg4 Bxg4 14. b3 Bd7 15. a3
f5 16. f3 Qe7 17. b4 Nb7 18. Nb5 Rfc8 19. Qd3 Qe8 20. Rfc1 Kh8 21. Kh1 f4 22.
Bf2 g5 23. Nc3 Bf8 24. Nd1 h5 25. Qc3 Rcb8 26. Nb2 axb4 27. axb4 Rxa1 28. Rxa1
Ra8 29. Nd3 Qb8 30. Ra3 Nd8 31. Qa1 Rxa3 32. Qxa3 Qb7 33. c5 bxc5 34. bxc5 Bb5
35. c6 Nxc6 36. dxc6 Bxc6 37. Nxe5 Be8 38. Nd3 Bg7 39. h4 gxh4 40. Bxh4 Bf7 41.
Bg5 c5 42. Bxf4 c4 43. Nxc4 Bxc4 44. Qxd6 Qb1+ 45. Nc1 Qa1 46. Kh2 Qc3 47. Qd1
Kh7 48. Ne2 Qf6 49. Bg3 h4 50. Bf2 Qb2 51. Bd4 Qb8+ 52. e5 Bxe5+ 53. Kh1 Bxe2
54. Qxe2 Qb1+ 55. Bg1 Qf5 56. Qe4 Qxe4 57. fxe4 Kh6 58. Be3+ Kh5 59. Kg1 Kg4
60. Kf2 h3 61. gxh3+ Kxh3 62. Kf3 Kh4 63. Bf4 Bd4 64. Bd2 Kh5 65. Kf4 Kg6 66.
Bb4 Kf6 67. Bd6 Ke6 68. Bb8 Bc3 1/2-1/2

[Event "IX Weekend A"]
[Site "Ceriano Laghetto ITA"]
[Date "2000.02.06"]
[Round "3"]
[White "Manzoni, Alessandro"]
[Black "Vismara, Daniele"]
[Result "1-0"]
[WhiteElo "1902"]
[BlackElo "2265"]
[PlyCount "63"]
[EventDate "2000.02.05"]

1. e4 c5 2. Nc3 Nc6 3. g3 g6 4. Bg2 Bg7 5. Nge2 e6 6. O-O Nge7 7. f4 d6 8. d3
O-O 9. g4 f5 10. g5 Rb8 11. h4 Nd4 12. Ng3 b5 13. Nce2 b4 14. Rb1 Qa5 15. Ra1
Qb6 16. Kh2 a5 17. Rb1 a4 18. Be3 Bd7 19. c3 Nxe2 20. Qxe2 fxe4 21. dxe4 Bb5
22. c4 Bc6 23. b3 a3 24. Bh3 Bd7 25. Rbd1 Qc7 26. Bc1 Bd4 27. Be3 e5 28. f5 Nc6
29. h5 Kg7 30. hxg6 hxg6 31. Nh5+ Kh7 32. fxg6+ 1-0

[Event "IX Weekend A"]
[Site "Ceriano Laghetto ITA"]
[Date "2000.02.06"]
[Round "3"]
[White "Qendro, Llambi"]
[Black "Pace, Roberto"]
[Result "1/2-1/2"]
[WhiteElo "2350"]
[BlackElo "2033"]
[PlyCount "52"]
[EventDate "2000.02.05"]

1. d4 Nf6 2. c4 e6 3. Nc3 Bb4 4. Qc2 d5 5. cxd5 exd5 6. Bg5 O-O 7. e3 Re8 8. a3
Be7 9. Bd3 Nbd7 10. Nge2 Nf8 11. O-O c6 12. Bxf6 Bxf6 13. b4 Bg4 14. Bf5 Bxf5
15. Qxf5 Nd7 16. Na4 b5 17. Nc5 Nxc5 18. bxc5 a5 19. Rfb1 g6 20. Qd3 Qd7 21. a4
b4 22. Nc1 Bd8 23. Nb3 Bc7 24. Re1 f5 25. Re2 Re6 26. Rae1 Rae8 1/2-1/2

[Event "IX Weekend A"]
[Site "Ceriano Laghetto ITA"]
[Date "2000.02.06"]
[Round "3"]
[White "Tramalloni, Luca"]
[Black "Bianchi, Alberto"]
[Result "1/2-1/2"]
[WhiteElo "2061"]
[BlackElo "1981"]
[PlyCount "69"]
[EventDate "2000.02.05"]

1. d4 Nf6 2. c4 b6 3. Nc3 Bb7 4. Nf3 e6 5. e3 Be7 6. Bd3 O-O 7. O-O d5 8. b3
Nbd7 9. Bb2 Re8 10. Qc2 dxc4 11. bxc4 Bxf3 12. gxf3 Nf8 13. Rad1 c6 14. f4 Qc7
15. Qe2 Rad8 16. Qf3 Ng6 17. Bxg6 hxg6 18. e4 Bb4 19. Ne2 Qc8 20. Ng3 Qa6 21.
Qb3 Be7 22. Bc1 Kh7 23. f5 gxf5 24. exf5 Bd6 25. fxe6 Rxe6 26. d5 cxd5 27. cxd5
Ree8 28. Nf5 Qe2 29. Qh3+ Qh5 30. Qxh5+ Nxh5 31. Nxd6 Rxd6 32. Ba3 Rd7 33. Rd2
Nf4 34. d6 Re4 35. Bb2 1/2-1/2

[Event "IX Weekend A"]
[Site "Ceriano Laghetto ITA"]
[Date "2000.02.12"]
[Round "4"]
[White "Bianchi, Alberto"]
[Black "Galli, Fabio"]
[Result "0-1"]
[WhiteElo "1981"]
[BlackElo "2093"]
[PlyCount "121"]
[EventDate "2000.02.05"]

1. Nf3 e6 2. c4 Nf6 3. Nc3 d5 4. g3 c6 5. Bg2 Bd6 6. cxd5 exd5 7. d4 Be6 8. O-O
Nbd7 9. Qc2 Rc8 10. e4 dxe4 11. Nxe4 Nxe4 12. Qxe4 Nf6 13. Qe2 O-O 14. Be3 Re8
15. Qc2 Bd5 16. a3 h6 17. Nh4 Bxg2 18. Nxg2 Nd5 19. Qb3 Qb6 20. Qd3 Re7 21. b4
a5 22. Nh4 axb4 23. axb4 Rce8 24. Nf5 Re6 25. Rab1 Bf8 26. b5 Qc7 27. bxc6 bxc6
28. Rb3 Nxe3 29. Nxe3 Rd8 30. Qc4 Qd7 31. Rd1 Re4 32. Rbd3 Qe6 33. Qc3 Qf6 34.
d5 Qxc3 35. Rxc3 cxd5 36. Rxd5 Rxe3 37. Rxe3 Rxd5 38. Kg2 g6 39. g4 Kg7 40. Kf3
Rd2 41. Rc3 Be7 42. Ke3 Ra2 43. Rc7 Bh4 44. f3 Rxh2 45. Rb7 Ra2 46. Rb3 Bg5+
47. f4 Bf6 48. Kf3 Rc2 49. Rb7 Rc3+ 50. Kg2 Bh4 51. f5 Rg3+ 52. Kh2 Rxg4 53.
Kh3 Ra4 54. Rb5 Bf6 55. Rd5 g5 56. Rb5 h5 57. Rd5 Ra3+ 58. Kg2 Re3 59. Rd7 Re5
60. Rxf7+ Kxf7 61. Kg3 0-1

[Event "IX Weekend A"]
[Site "Ceriano Laghetto ITA"]
[Date "2000.02.12"]
[Round "4"]
[White "Everet, Alexandro"]
[Black "Manzoni, Alessandro"]
[Result "1-0"]
[WhiteElo "2357"]
[BlackElo "1902"]
[PlyCount "51"]
[EventDate "2000.02.05"]

1. d4 d5 2. c4 c6 3. Nf3 Nf6 4. Bf4 e6 5. c5 Nbd7 6. Nc3 Be7 7. e3 Nh5 8. Bd3
Nxf4 9. exf4 f5 10. Qe2 b5 11. O-O Qc7 12. Rfe1 Nf8 13. Ne5 Bf6 14. Nxc6 a6 15.
Nb4 Kf7 16. Ncxd5 exd5 17. Qe8+ Kg8 18. Nxd5 Qd8 19. Nb6 Be6 20. Qc6 Bxd4 21.
Rxe6 Bxf2+ 22. Kxf2 Qd4+ 23. Re3 Qxb2+ 24. Kg3 h5 25. Qd5+ Kh7 26. Qxf5+ 1-0

[Event "IX Weekend A"]
[Site "Ceriano Laghetto ITA"]
[Date "2000.02.12"]
[Round "4"]
[White "Gagliardi, Christian"]
[Black "Qendro, Llambi"]
[Result "0-1"]
[WhiteElo "1918"]
[BlackElo "2350"]
[PlyCount "62"]
[EventDate "2000.02.05"]

1. e4 g6 2. d4 Bg7 3. Nc3 c6 4. Be3 d5 5. e5 f6 6. exf6 Nxf6 7. Nf3 Bg4 8. Be2
Bxf3 9. Bxf3 Nbd7 10. h3 e5 11. dxe5 Nxe5 12. Be2 O-O 13. O-O Nf7 14. Qd2 Nd6
15. Bh6 Nfe4 16. Nxe4 Nxe4 17. Qc1 Qb6 18. Bxg7 Rxf2 19. Rxf2 Qxf2+ 20. Kh2
Qg3+ 21. Kg1 Kxg7 22. Bf3 Qf2+ 23. Kh1 Ng3+ 24. Kh2 Rf8 25. Qd1 Nf5 26. Qe1 Qd4
27. Rd1 Qf4+ 28. Kg1 h5 29. b3 Nh4 30. Qc3+ Kh7 31. Rd3 Qg3 0-1

[Event "IX Weekend A"]
[Site "Ceriano Laghetto ITA"]
[Date "2000.02.12"]
[Round "4"]
[White "Lapiccirella, Daniele"]
[Black "Lapiccirella, Mattia"]
[Result "1/2-1/2"]
[WhiteElo "2053"]
[BlackElo "2171"]
[PlyCount "41"]
[EventDate "2000.02.05"]

1. d4 d5 2. c4 c6 3. Nc3 Nf6 4. Nf3 e6 5. e3 Nbd7 6. Qc2 Bd6 7. g4 Nxg4 8. Rg1
Qf6 9. Rxg4 Qxf3 10. Rxg7 Nf8 11. Rg1 Ng6 12. Be2 Qf6 13. Bd2 Bd7 14. O-O-O
Qxf2 15. Rdf1 Qxh2 16. Rh1 Qg3 17. Rfg1 Qf2 18. Rf1 Qg3 19. Rfg1 Qf2 20. Rf1
Qg3 21. Rfg1 1/2-1/2

[Event "IX Weekend A"]
[Site "Ceriano Laghetto ITA"]
[Date "2000.02.12"]
[Round "4"]
[White "Pace, Roberto"]
[Black "Barlocco, Carlo"]
[Result "1/2-1/2"]
[WhiteElo "2033"]
[BlackElo "2170"]
[PlyCount "79"]
[EventDate "2000.02.05"]

1. e4 Nf6 2. e5 Nd5 3. Bc4 Nb6 4. Be2 d6 5. Nf3 Nc6 6. exd6 Qxd6 7. d4 Bg4 8.
c3 Rd8 9. Bd2 g6 10. Na3 Bg7 11. O-O O-O 12. Bg5 Qd5 13. Qc1 Rde8 14. Qf4 Qe6
15. Rfe1 Qd7 16. Bh6 Nd5 17. Qd2 Rd8 18. Bxg7 Kxg7 19. Nc4 f6 20. Rad1 Be6 21.
Qc1 Bf7 22. Bf1 Rfe8 23. Ne3 Nxe3 24. Qxe3 Qf5 25. Bd3 Qa5 26. a3 e5 27. dxe5
Nxe5 28. Nxe5 Rxe5 29. Qf3 c6 30. Rxe5 Qxe5 31. Bf1 Rxd1 32. Qxd1 Qd5 33. Qxd5
Bxd5 34. f3 f5 35. f4 Kf6 36. Kf2 Ke6 37. Ke3 Kd6 38. b4 c5 39. g3 b6 40. Bd3
1/2-1/2

[Event "IX Weekend A"]
[Site "Ceriano Laghetto ITA"]
[Date "2000.02.13"]
[Round "5"]
[White "Gagliardi, Christian"]
[Black "Lapiccirella, Daniele"]
[Result "1/2-1/2"]
[WhiteElo "1918"]
[BlackElo "2053"]
[PlyCount "20"]
[EventDate "2000.02.05"]

1. f4 d5 2. Nf3 Nf6 3. e3 g6 4. d4 Bg7 5. Bd3 O-O 6. O-O Nbd7 7. Nbd2 b6 8. b3
Bb7 9. Bb2 c5 10. Qe2 Qc7 1/2-1/2

[Event "IX Weekend A"]
[Site "Ceriano Laghetto ITA"]
[Date "2000.02.13"]
[Round "5"]
[White "Galli, Fabio"]
[Black "Manzoni, Alessandro"]
[Result "1/2-1/2"]
[WhiteElo "2093"]
[BlackElo "1902"]
[PlyCount "24"]
[EventDate "2000.02.05"]

1. e4 e5 2. Nf3 Nc6 3. Bb5 a6 4. Bxc6 dxc6 5. O-O Bg4 6. h3 Bxf3 7. Qxf3 Qf6 8.
Qb3 b6 9. d3 g5 10. Be3 Ne7 11. c3 Rg8 12. f3 Bh6 1/2-1/2

[Event "IX Weekend A"]
[Site "Ceriano Laghetto ITA"]
[Date "2000.02.13"]
[Round "5"]
[White "Lapiccirella, Mattia"]
[Black "Tramalloni, Luca"]
[Result "1-0"]
[WhiteElo "2171"]
[BlackElo "2061"]
[PlyCount "75"]
[EventDate "2000.02.05"]

1. d4 Nf6 2. c4 e6 3. Nf3 b6 4. g3 Bb7 5. Bg2 Bb4+ 6. Bd2 Qe7 7. O-O Bxd2 8.
Qxd2 d6 9. Nc3 Nbd7 10. d5 e5 11. e4 O-O 12. b4 g6 13. Qc2 Nh5 14. Rae1 a5 15.
a3 Ndf6 16. Nd2 Ng4 17. f3 Ngf6 18. Nb3 axb4 19. axb4 Ba6 20. Nd1 Ra7 21. Ne3
Nd7 22. Ra1 Rfa8 23. Rfc1 Bc8 24. Rxa7 Rxa7 25. Qc3 Qg5 26. c5 f5 27. cxd6 f4
28. Nf1 fxg3 29. hxg3 Nxg3 30. Nxg3 Qxg3 31. dxc7 Ra2 32. Nd2 Qg5 33. Rc2 Ra7
34. Nf1 h5 35. Qe3 Qf6 36. Rc6 Qg7 37. Qg5 Kh7 38. Re6 1-0

[Event "IX Weekend A"]
[Site "Ceriano Laghetto ITA"]
[Date "2000.02.13"]
[Round "5"]
[White "Pace, Roberto"]
[Black "Everet, Alexandro"]
[Result "0-1"]
[WhiteElo "2033"]
[BlackElo "2357"]
[PlyCount "120"]
[EventDate "2000.02.05"]

1. e4 g6 2. f4 Bg7 3. Nf3 Nf6 4. Nc3 d6 5. Be2 a6 6. O-O b5 7. d3 Bb7 8. Qe1 c5
9. Kh1 Qb6 10. e5 Nd5 11. Ne4 Nb4 12. Bd1 d5 13. Nd6+ Kf8 14. Nxb7 Qxb7 15. d4
N4c6 16. dxc5 e6 17. Be3 Nd7 18. c3 a5 19. b4 a4 20. a3 Ke8 21. Nd4 Bf8 22. Be2
Nxd4 23. cxd4 Be7 24. Bd3 Qc6 25. Bf2 f5 26. Bh4 h5 27. Bxe7 Kxe7 28. Qe2 Rab8
29. Rf3 Kd8 30. Qf2 Kc7 31. Qh4 Rbe8 32. Qg5 Rhg8 33. Rg3 Nf8 34. Qf6 Kb8 35.
Qf7 Rh8 36. Qf6 Rh7 37. Bxf5 gxf5 38. Rg8 Qc8 39. c6 Rc7 40. Qh8 Rxc6 41. h3
Ng6 42. Rxe8 Nxh8 43. Rxc8+ Kxc8 44. g4 hxg4 45. hxg4 fxg4 46. Rg1 Nf7 47. Rxg4
Nh6 48. Rg6 Nf5 49. Rg8+ Kb7 50. Re8 Nxd4 51. Kg2 Rc3 52. f5 exf5 53. e6 Rxa3
54. Kf2 Rf3+ 55. Kg2 Re3 56. e7 Nc6 57. Rd8 Rxe7 58. Rxd5 Re5 59. Rd7+ Kb6 60.
Kf3 Nxb4 0-1

[Event "IX Weekend A"]
[Site "Ceriano Laghetto ITA"]
[Date "2000.02.13"]
[Round "5"]
[White "Qendro, Llambi"]
[Black "Barlocco, Carlo"]
[Result "1/2-1/2"]
[WhiteElo "2350"]
[BlackElo "2170"]
[PlyCount "79"]
[EventDate "2000.02.05"]

1. d4 Nf6 2. c4 e6 3. Nc3 Bb4 4. Qc2 d5 5. cxd5 Qxd5 6. Nf3 Qf5 7. Qxf5 exf5 8.
a3 Ba5 9. b4 Bb6 10. Na4 Nc6 11. e3 Be6 12. Be2 O-O-O 13. O-O Ne4 14. Bb2 f6
15. Bb5 Ne7 16. Nc5 Bxc5 17. dxc5 c6 18. Be2 Nd2 19. Rfd1 Nxf3+ 20. Bxf3 Bb3
21. Rd4 Ng6 22. a4 Ne5 23. Be2 Rhe8 24. Rxd8+ Rxd8 25. Bd4 Ng6 26. Bd3 f4 27.
b5 fxe3 28. fxe3 Nf4 29. Bf1 Ne6 30. bxc6 Nxd4 31. cxb7+ Kxb7 32. exd4 Rxd4 33.
Rb1 Rb4 34. Bb5 a6 35. Be8 a5 36. Re1 Kc7 37. Bb5 Bxa4 38. Re7+ Kb8 39. Re8+
Kc7 40. Re7+ 1/2-1/2

[Event "IX Weekend A"]
[Site "Ceriano Laghetto ITA"]
[Date "2000.02.13"]
[Round "5"]
[White "Vismara, Daniele"]
[Black "Bianchi, Alberto"]
[Result "0-1"]
[WhiteElo "2265"]
[BlackElo "1981"]
[PlyCount "52"]
[EventDate "2000.02.05"]

1. e4 e5 2. Nf3 Nc6 3. Bb5 a6 4. Ba4 Nf6 5. O-O Nxe4 6. Re1 b5 7. Bb3 d5 8. d4
Be6 9. dxe5 Bc5 10. Be3 O-O 11. c3 Bxe3 12. Rxe3 Ne7 13. Bc2 Nc5 14. Bxh7+ Kxh7
15. Ng5+ Kg8 16. Qh5 Re8 17. Qh7+ Kf8 18. Qh8+ Ng8 19. Nh7+ Ke7 20. Qxg7 Kd7
21. Nd2 Kc8 22. b4 Nd7 23. Nb3 Ne7 24. Ree1 Rg8 25. Qh6 Nf5 26. Qf4 Qh4 0-1

[Event "IX Weekend A"]
[Site "Ceriano Laghetto ITA"]
[Date "2000.02.13"]
[Round "6"]
[White "Barlocco, Carlo"]
[Black "Galli, Fabio"]
[Result "1/2-1/2"]
[WhiteElo "2170"]
[BlackElo "2093"]
[PlyCount "60"]
[EventDate "2000.02.05"]

1. d4 d5 2. Nf3 e6 3. c4 Nf6 4. Nc3 c6 5. cxd5 Nxd5 6. e4 Nf6 7. Bg5 Be7 8. Bd3
h6 9. Bxf6 Bxf6 10. e5 Be7 11. O-O O-O 12. Qe2 Nd7 13. Rfd1 Nb6 14. Rac1 Nd5
15. Bb1 b6 16. Qe4 g6 17. Qg4 Kg7 18. Ne2 Bb7 19. Nf4 Nxf4 20. Qxf4 Bg5 21.
Nxg5 Qxg5 22. Qxg5 hxg5 23. f3 Rfd8 24. Be4 Rac8 25. Kf2 Rc7 26. b4 c5 27. bxc5
Bxe4 28. fxe4 bxc5 29. d5 exd5 30. Rxd5 Rb8 1/2-1/2

[Event "IX Weekend A"]
[Site "Ceriano Laghetto ITA"]
[Date "2000.02.13"]
[Round "6"]
[White "Bianchi, Alberto"]
[Black "Pace, Roberto"]
[Result "0-1"]
[WhiteElo "1981"]
[BlackElo "2033"]
[PlyCount "97"]
[EventDate "2000.02.05"]

1. b3 e5 2. Bb2 Nc6 3. g3 d5 4. Bg2 Nf6 5. e3 Bg4 6. Ne2 Bc5 7. h3 Bf5 8. O-O
Qd7 9. Kh2 Bd6 10. d4 exd4 11. Nxd4 Nxd4 12. Bxd4 Be7 13. Nd2 O-O 14. Bb2 Rad8
15. Qe2 Qc8 16. Rfc1 Qe6 17. Re1 Bb4 18. c3 Ba5 19. Nf3 Be4 20. Ng5 Qe7 21.
Nxe4 Nxe4 22. Rad1 c6 23. Bxe4 dxe4 24. c4 Bc7 25. Rxd8 Rxd8 26. Rd1 f5 27. Qc2
h5 28. h4 Qxh4+ 29. Kg2 Qg5 30. Rh1 c5 31. Rh4 Rd3 32. b4 Rxe3 33. Rh3 Rd3 34.
Bc1 Qg4 35. Be3 Qf3+ 36. Kh2 Rd1 37. Qxd1 Qxd1 38. Bxc5 b6 39. Be3 g6 40. c5
bxc5 41. bxc5 Qf1 42. a4 Kf7 43. Rh4 Ke6 44. a5 Bxa5 45. c6 a6 46. Bf4 Qxf2+
47. Kh1 Bb6 48. Be3 Qxe3 49. Rxe4+ 0-1